Great inventions : (Record no. 1448)

MARC details
000 -LEADER
fixed length control field 00417nam a2200169 a 4500
005 - DATE AND TIME OF LATEST TRANSACTION
control field 20260322212100.0
008 - FIXED-LENGTH DATA ELEMENTS--GENERAL INFORMATION
fixed length control field data
020 ## - INTERNATIONAL STANDARD BOOK NUMBER
International Standard Book Number 0836865901
020 ## - INTERNATIONAL STANDARD BOOK NUMBER
International Standard Book Number 9780836865905
092 ## - LOCALLY ASSIGNED DEWEY CALL NUMBER (OCLC)
Classification number 621.1
001 - CONTROL NUMBER
control field data
245 00 - TITLE STATEMENT
Title Great inventions :
Remainder of title The steam engine /
Statement of responsibility, etc. edited by World Almanac.
260 ## - PUBLICATION, DISTRIBUTION, ETC.
Place of publication, distribution, etc. Milwukww, WI :
Name of publisher, distributor, etc. World Almanac ;
Date of publication, distribution, etc. 2005.
300 ## - PHYSICAL DESCRIPTION
Extent 48 p.
Other physical details cm.
650 #0 - SUBJECT ADDED ENTRY--TOPICAL TERM
Topical term or geographic name entry element Steam Engine
700 1# - ADDED ENTRY--PERSONAL NAME
Personal name World Almanac
Holdings
Withdrawn status Lost status Damaged status Not for loan Home library Current library Shelving location Date acquired Total checkouts Full call number Barcode Date last seen Price effective from Koha item type
        Centerville Centerville General stacks 22/03/2026   GEN BC0011495 22/03/2026 22/03/2026 Books